000 01541nam a2200373 i 4500
001 14129
003 KOSZ 005
005 20190820135726.0
008 080805s1962 pl a f 001 0 pol
015 _aPB 1962/7011
035 _a(OCoLC)751249595
040 _aWA N
_cWA N
080 _a691:620
100 1 _aBadowska, Halina.
245 1 0 _aOchrona budowli przed korozją :
_bkorozja materiałów (niemetalowych), projektowanie i wykonawstwo zabezpieczeń /
_cHalina Badowska, Władysław Danilecki, Maciej Mączyński.
260 _aWarszawa :
_b"Arkady",
_c1962.
300 _a520, [1] stron :
_bilustracje ;
_c24 cm.
336 _2rdacontent
_aTekst
_btxt
337 _2rdamedia
_aBez urządzenia pośredniczącego
_bn
338 _2rdacarrier
_aWolumin
_bnc
380 _aKsiążki.
504 _aBibliografia na stronach 486-490.
521 8 _aDla inżynierów i techników zatrudnionych w biurach projektów i wykonawstwa budowlanego, pracowników służby przeciwkorozyjnej w zakładach przemysłowych oraz studentów.
658 _aArchitektura i budownictwo
655 4 _aPodręczniki akademickie
650 4 _aKonstrukcje budowlane
650 4 _aKorozja i erozja
650 4 _aMateriały budowlane
700 1 _aMączyński, Maciej
_d(1899-1987).
710 2 _aWydawnictwo "Arkady".
_4pbl.
700 1 _aDanilecki, Władysław
_eAutor
856 _uhttp://koha.tu.koszalin.pl/cgi-bin/koha/opac-detail.pl?biblionumber=14129
_yKatalog online BPK
942 _2UKD
_cKS
999 _c14129
_d14129